[Event "Let's Play Chess!"]
[Site "http://www.queenalice.com/game.php?id=260061"]
[Date "2007.8.23"]
[Round "-"]
[White "willys"]
[Black "maple"]
[Result "0-1"]
[WhiteElo "1348"]
[BlackElo "1997"]

1. d4 d5 2. c4 dxc4 3. Nf3 Nf6 4. e3 g6 5. Qa4+ Bd7 6. Qxc4 Bg7 7. Qc2 O-O 8.
Nc3 a6 9. a4 c6 10. Bd3 Ne8 11. O-O Bc8 12. Bd2 b6 13. Rab1 Bb7 14. e4 b5 15. e5
Nc7 16. b4 Nd7 17. Ne4 f5 18. Nc3 e6 19. a5 Nd5 20. Ng5 Qe7 21. Ne2 h6 22. Nh3
Rf7 23. f4 Raf8 24. g3 Rc8 25. Rbc1 Nxb4 26. Qb1 Nxd3 27. Qxd3 c5 28. Be3 c4 29.
Qd1 Nb8 30. Nf2 Qb4 31. Bd2 Qf8 32. Qc2 Qd8 33. Nd1 Qd5 34. Kf2 Qg2+ 35. Ke1
Qxh2 36. Nf2 Qg2 37. Qc3 Nc6 38. Rg1 Qd5 39. g4 Rd7 40. Be3 Rf7 41. Kd2 Qd8 42.
Ng3 Nxa5 43. Ke2 Nb3 44. Rcd1 a5 45. gxf5 b4 46. Qe1 c3 47. Nd3 Nxd4+ 48. Bxd4
Qxd4 49. fxe6 Re7 50. Nf2 Ba6+ 51. Kf3 Qc4 52. f5 c2 53. Rd7 Qc6+ 54. Kg4 Rxd7
55. exd7 Qxd7 56. Qc1 Qd4+ 57. Nge4 gxf5+ 58. Kh3 fxe4 59. Qxh6 Rc3+ 60. Kh2
Qxe5+ 61. Kh1 e3 62. Ne4 Qxe4+ 63. Kh2 Qe5+ 64. Kh1 Bb7+ 65. Qc6 Qe4+ 66. Kh2
Qh1+ 67. Qxh1 Rc7 68. Rxg7+ Rxg7 69. Qc1 Rg2+ 70. Kh3 Rd2 71. Qg1+ Kf7 72. Qf1+
Ke6 73. Qc4+ Bd5 74. Qg4+ Ke5 75. Qg7+ Ke4 76. Qe7+ Kd3 77. Qd7 Kc3 78. Qg7+ Kb3
79. Qg3 Be6+ 80. Kh4 Rd4+ 81. Kg5 c1=B 82. Qg1 Kb2 83. Qf1 Rd1 84. Qe2+ Kb1 85.
Kf6 Rd2 86. Qxe3 Bc4 87. Ke7 Rd7+ 88. Kxd7 Bb5+ 89. Kc7 Bxe3 90. Kb7 a4 91. Kc7
b3 92. Kd6 a3 93. Ke5 Bd3 94. Kd5 a2 95. Kc6 a1=B 96. Kb7 b2 97. Ka8 Ka2 98. Kb7
b1=B 99. Kc6 Bf5 100. Kd6 Bf4+ 101. Kc5 Bf6 102. Kd5 Bbe4+ 103. Kc5 B6e5 104.
Kb4 Be3 105. Kc4 Be6+ 106. Kb5 B4d5 107. Ka4 Bd6 108. Kb5 Bd7+ 109. Ka5 Bec5
110. Ka6 Bc4+ 111. Ka5 Bc7# 0-1

[Event "Let's Play Chess!"]
[Site "http://www.queenalice.com/game.php?id=260062"]
[Date "2007.8.23"]
[Round "-"]
[White "willys"]
[Black "maple"]
[Result "0-1"]
[WhiteElo "1348"]
[BlackElo "1994"]

1. c4 c5 2. Nc3 Nc6 3. g3 Nf6 4. Bg2 g6 5. Nf3 Bg7 6. O-O O-O 7. d3 d6 8. Bd2
Bd7 9. a3 a6 10. e4 Nd4 11. e5 Nxf3+ 12. Bxf3 dxe5 13. Bxb7 Rb8 14. Bxa6 Rxb2
15. Rb1 Rxb1 16. Nxb1 e4 17. Qb3 exd3 18. Qxd3 Qa8 19. f3 Qxa6 20. Be3 Be6 21.
Rc1 Nd7 22. Nd2 Ra8 23. Qe4 Qxa3 24. Rd1 Qxe3+ 25. Kg2 Qxe4 26. Nxe4 Ra2+ 27.
Nf2 Bd4 28. Rxd4 cxd4 29. Kf1 Rxf2+ 30. Kxf2 Bxc4 31. Ke1 e5 32. h3 f5 33. Kf2
e4 34. h4 e3+ 35. Ke1 d3 36. g4 d2+ 37. Kd1 Bd3 38. gxf5 Nb6 39. fxg6 Na4 40.
gxh7+ Kh8 41. f4 Nc3# 0-1

[Event "Let's Play Chess!"]
[Site "http://www.queenalice.com/game.php?id=267241"]
[Date "2007.9.5"]
[Round "-"]
[White "willys"]
[Black "chrisnorman"]
[Result "1-0"]
[WhiteElo "1361"]
[BlackElo "1692"]

1. d4 Nf6 2. c4 d5 3. e3 Bd7 4. b4 a5 5. bxa5 Rxa5 6. Nc3 c6 7. Bd3 dxc4 8. Bxc4
Rf5 9. Nf3 Qa5 10. Qb3 Be6 11. e4 Nxe4 12. Bd2 Bxc4 13. Qxb7 Nxc3 14. Qxb8+ Kd7
15. Qb7+ Kd6 16. Qb2 Na4 17. Qa3+ Kd5 18. Bxa5 e5 19. Qxa4 1-0

[Event "Let's Play Chess!"]
[Site "http://www.queenalice.com/game.php?id=267242"]
[Date "2007.9.5"]
[Round "-"]
[White "chrisnorman"]
[Black "willys"]
[Result "0-1"]
[WhiteElo "1721"]
[BlackElo "1392"]

1. Nc3 c5 2. d4 cxd4 3. Qxd4 Nc6 4. Qe3 Nf6 5. Bd2 d5 6. Nf3 Bf5 7. O-O-O g6 8.
Nd4 Ng4 9. Qf4 e5 10. Nxc6 bxc6 11. Qg3 Bd6 12. Be1 e4 13. f4 h5 14. h4 O-O 15.
e3 Qc7 16. Be2 Nxe3 17. Rd2 Bxf4 18. Qf2 Ng4 19. Bxg4 Bxd2+ 20. Bxd2 Bxg4 21.
Bf4 Qe7 22. Bh6 Rfe8 23. Bg5 Qe6 24. Rf1 f5 25. g3 e3 26. Qe1 d4 27. Ne2 Qxa2
28. Bxe3 Rxe3 29. Nxd4 Rxe1+ 0-1

[Event "Let's Play Chess!"]
[Site "http://www.queenalice.com/game.php?id=267245"]
[Date "2007.9.5"]
[Round "-"]
[White "maple"]
[Black "willys"]
[Result "1-0"]
[WhiteElo "1993"]
[BlackElo "1348"]

1. h3 e5 2. a3 d5 3. d4 e4 4. e3 Nf6 5. c4 c5 6. dxc5 Bxc5 7. b4 Be7 8. Bb2 O-O
9. cxd5 Nxd5 10. Bc4 Be6 11. Nd2 Nf6 12. Ne2 Nbd7 13. Bxe6 fxe6 14. O-O Rc8 15.
Nf4 Rc6 16. b5 Rd6 17. Qc2 Qb6 18. Nxe4 Rc6 19. bxc6 Rc8 20. Nxf6+ gxf6 21. Rab1
Qc7 22. Ng6 hxg6 23. Qxg6+ Kf8 24. cxd7 Rb8 25. Bxf6 Qxd7 26. Bg7+ Kg8 27. Bh6+
Kh8 28. Qg7# 1-0

[Event "Let's Play Chess!"]
[Site "http://www.queenalice.com/game.php?id=267246"]
[Date "2007.9.5"]
[Round "-"]
[White "willys"]
[Black "maple"]
[Result "0-1"]
[WhiteElo "1348"]
[BlackElo "1995"]

1. d4 d5 2. c4 dxc4 3. e4 c5 4. d5 Nf6 5. Nc3 a6 6. Bxc4 b5 7. Be2 e5 8. Nf3 Bd6
9. a3 O-O 10. b3 Ne8 11. O-O Bg4 12. Nd2 Bxe2 13. Qxe2 Nd7 14. Qd3 Ra7 15. Nf3
Qc8 16. Qe3 Rc7 17. Bd2 c4 18. b4 h6 19. a4 Rb7 20. a5 Bxb4 21. Nh4 Nc5 22. Rab1
Bxa5 23. Nf5 Bb6 24. Qg3 Nxe4 25. Nxe4 Qxf5 26. Rbe1 Qg6 27. Qxe5 Bc7 28. Qd4
Nd6 29. f3 Nxe4 30. Rxe4 Bb6 0-1

[Event "Challenge"]
[Site "http://www.queenalice.com/game.php?id=272186"]
[Date "2007.9.15"]
[Round "-"]
[White "maple"]
[Black "willys"]
[Result "1-0"]
[WhiteElo "1996"]
[BlackElo "1361"]

1. d4 Nf6 2. c4 g6 3. Nc3 Bg7 4. e4 d6 5. f4 O-O 6. Be2 c5 7. d5 e6 8. Nf3 exd5
9. e5 dxe5 10. fxe5 Ng4 11. Bg5 f6 12. exf6 Bxf6 13. Qxd5+ Qxd5 14. Nxd5 Bxb2
15. Rb1 Bf6 16. Bxf6 Nxf6 17. Nc7 b6 18. Nxa8 Na6 19. Nxb6 axb6 20. Rxb6 Kg7 21.
O-O Nc7 22. Ng5 Kh6 23. h4 Nce8 24. Ne4 Bf5 25. Nxf6 Nxf6 26. g4 Bxg4 27. Bxg4
Nxg4 28. Rxf8 Ne5 29. Rb7 g5 30. Rf6+ Ng6 31. h5 Kxh5 32. Rxh7+ Kg4 33. Rxg6 Kf5
34. Rd6 g4 35. Rd5+ Kg6 36. Ra7 Kf6 37. Ra6+ Ke7 38. Rh5 Ke8 39. Rh7 g3 40. Ra8#
1-0

[Event "Challenge"]
[Site "http://www.queenalice.com/game.php?id=272187"]
[Date "2007.9.15"]
[Round "-"]
[White "willys"]
[Black "maple"]
[Result "0-1"]
[WhiteElo "1361"]
[BlackElo "1998"]

1. e4 c5 2. g3 Nc6 3. Na3 a6 4. Nc4 b5 5. Ne3 g6 6. d3 Bg7 7. Nf3 d6 8. Bg2 Bb7
9. O-O Nf6 10. b3 O-O 11. Bd2 Nd7 12. c3 Nde5 13. Qe2 Nxf3+ 14. Bxf3 Ne5 15.
Rad1 Nxf3+ 16. Qxf3 f5 17. Nd5 e6 18. Nf4 fxe4 19. Qg4 exd3 20. Qxe6+ Kh8 21.
Nxd3 Re8 22. Qh3 Qc7 23. Nf4 Qf7 24. Rfe1 Be5 25. Qh4 Qf5 26. c4 g5 27. Qh5 Rf8
28. g4 Qf6 29. Nd5 Qxf2+ 30. Kh1 Bxd5+ 31. cxd5 Qf3+ 32. Kg1 Bd4+ 33. Be3 Bxe3+
34. Rxe3 Qxe3+ 35. Kh1 Qf3+ 36. Kg1 Qxd1+ 37. Kg2 Qf3+ 38. Kg1 Qf1# 0-1

[Event "Challenge"]
[Site "http://www.queenalice.com/game.php?id=274058"]
[Date "2007.9.19"]
[Round "-"]
[White "Nunes"]
[Black "willys"]
[Result "1/2-1/2"]
[WhiteElo "1540"]
[BlackElo "1546"]

1. d4 d5 2. Nc3 Nf6 3. Nf3 g6 4. Bf4 Bg7 5. e3 O-O 6. Be2 c5 7. O-O Bd7 8. Bxb8
Rxb8 9. dxc5 Bc6 10. Rb1 Nd7 11. Qd2 Nxc5 12. Bb5 Bxc3 13. bxc3 Qa5 14. Bxc6
bxc6 15. Ra1 Ne4 16. Qd3 Nxc3 17. Nd4 Rfc8 18. a3 Ne4 19. Nb3 Qc7 20. f3 Nf6 21.
Nc5 Rb2 22. Na6 Qb6 23. Nb4 Re8 24. Qc3 c5 25. Qxb2 cxb4 26. Qxb4 Qxe3+ 27. Kh1
e6 28. Rfe1 Qf2 29. c4 Rc8 30. Rec1 dxc4 31. Rxc4 Rxc4 32. Qxc4 Qe3 33. Qa4 Nd5
34. h3 Kg7 35. Rb1 Nc3 36. Qb3 Qd2 37. Rb2 Qe1+ 38. Kh2 Ne2 39. Qe3 Qg3+ 40. Kh1
Qe1+ 41. Kh2 Qg3+ 42. Kh1 1/2-1/2

[Event "Let's Play Chess!"]
[Site "http://www.queenalice.com/game.php?id=276295"]
[Date "2007.9.24"]
[Round "-"]
[White "willys"]
[Black "spawnwolfwolverine"]
[Result "1-0"]
[WhiteElo "1446"]
[BlackElo "1575"]

1. d4 d5 2. c4 dxc4 3. Nf3 e6 4. e3 b5 5. a4 c6 6. axb5 cxb5 7. b3 Bb4+ 8. Bd2
Bxd2+ 9. Qxd2 Ba6 10. bxc4 bxc4 11. Qb4 Nc6 12. Qa4 Bb7 13. Bxc4 Ne7 14. O-O O-O
15. Nbd2 Nd5 16. h3 h6 17. Ra3 a6 18. Qb3 Rb8 19. Bxd5 Qxd5 20. Qxd5 exd5 21.
Rb1 f6 22. Nb3 Rf7 23. Nc5 g5 24. Nxb7 Rbxb7 25. Rxb7 Rxb7 26. Rxa6 Nb4 27. Rxf6
Kg7 28. Rd6 Ra7 29. Ne5 h5 30. Rg6+ Kh7 31. Rxg5 Ra1+ 32. Kh2 Ra2 33. Rxh5+ Kg7
34. Rf5 Nc2 35. Kg3 Nb4 36. Rf7+ Kg8 37. Rb7 Nc2 38. h4 Ne1 39. h5 Ra6 40. Kh3
Rh6 41. g4 Kf8 42. Rb1 Nc2 43. Rc1 Nb4 44. Kh4 Ke7 45. g5 Ra6 46. h6 Ra8 47. h7
Rh8 48. Ng6+ Kf7 49. Nxh8+ Kg7 50. Rc7+ Kxh8 51. g6 Nd3 52. Rc8+ Kg7 53. Rg8+
Kf6 54. h8=Q+ Kf5 55. Qh5+ Ke6 56. Re8+ Kf6 57. Qf3+ Kg7 58. Qf7+ Kh6 59. Rh8#
1-0

[Event "Let's Play Chess!"]
[Site "http://www.queenalice.com/game.php?id=276296"]
[Date "2007.9.24"]
[Round "-"]
[White "lesangesleader"]
[Black "willys"]
[Result "0-1"]
[WhiteElo "1647"]
[BlackElo "1421"]

1. Nf3 d5 2. d4 c5 3. c4 dxc4 4. Nc3 cxd4 5. Qxd4 Qxd4 6. Nxd4 a6 7. a4 e5 8.
Nf3 Nc6 9. e3 Bb4 10. Bd2 Nge7 11. Bxc4 Bg4 12. Be2 Bxf3 13. Bxf3 O-O 14. O-O f5
15. Bxc6 Nxc6 16. Rfd1 Rad8 17. Be1 Kf7 18. Na2 Bxe1 19. Rxe1 Rd2 0-1

[Event "Challenge"]
[Site "http://www.queenalice.com/game.php?id=278588"]
[Date "2007.9.29"]
[Round "-"]
[White "willys"]
[Black "ilestlibremax"]
[Result "1-0"]
[WhiteElo "1465"]
[BlackElo "1439"]

1. d4 d5 2. c4 e6 3. Nf3 Nf6 4. Nc3 h6 5. e3 Bb4 6. Be2 a6 7. O-O O-O 8. Bd2 Be7
9. a3 Nbd7 10. Qc2 b6 11. b4 dxc4 12. Bxc4 b5 13. Ba2 Bb7 14. Rae1 Nd5 15. Bb1
Nxc3 16. Qh7# 1-0

[Event "BRA x ICE"]
[Site "http://www.queenalice.com/game.php?id=279781"]
[Date "2007.10.1"]
[Round "-"]
[White "claudiocaire"]
[Black "willys"]
[Result "0-1"]
[WhiteElo "1569"]
[BlackElo "1510"]

1. e4 e5 2. Qh5 Nc6 3. Bc4 g6 4. Qf3 Nf6 5. d3 Nd4 6. Qd1 d5 7. exd5 Nxd5 8. c3
Nf5 9. Qe2 Bg7 10. Qf3 c6 11. g4 Nh4 12. Qg3 O-O 13. Nf3 Nxf3+ 14. Qxf3 b5 15.
Bb3 a5 16. c4 Nb4 17. a3 Nxd3+ 18. Kd2 e4 19. Qe2 Nf4+ 20. Ke1 Nxe2 21. Kxe2
Bxg4+ 22. Kf1 Qd3+ 23. Kg1 Qxb3 24. Nd2 Qd1+ 25. Nf1 Bf3 26. b3 Bxa1 27. Bh6
Bxh1 28. cxb5 cxb5 29. b4 Rac8 0-1

[Event "Challenge"]
[Site "http://www.queenalice.com/game.php?id=282332"]
[Date "2007.10.7"]
[Round "-"]
[White "BraulioFerreira"]
[Black "willys"]
[Result "0-1"]
[WhiteElo "1658"]
[BlackElo "1569"]

1. e4 c5 2. Nf3 d6 3. Bb5+ Bd7 4. Bxd7+ Qxd7 5. d4 cxd4 6. Nxd4 e5 7. Nf3 f5 8.
Nc3 f4 9. O-O Nf6 10. Nd5 Nxe4 11. Qe2 Nc5 12. Bxf4 Be7 13. Bg5 Bxg5 14. Nxg5
Qf5 15. Qe3 Kd7 16. c3 Nc6 17. Nf3 e4 18. Qg5 Rhf8 19. Qxg7+ Rf7 20. Qg5 exf3
21. Qxf5+ Rxf5 22. Ne3 fxg2 23. Nxg2 Rg8 24. Rad1 h5 25. b4 Ne4 26. Rd3 Rfg5 27.
f3 Rxg2+ 28. Kh1 Nf2+ 0-1

[Event "Let's Play Chess!"]
[Site "http://www.queenalice.com/game.php?id=285185"]
[Date "2007.10.12"]
[Round "-"]
[White "willys"]
[Black "averroes02"]
[Result "0-1"]
[WhiteElo "1583"]
[BlackElo "1626"]

1. d4 Nf6 2. c4 e6 3. Nc3 Bb4 4. e3 c5 5. Ne2 cxd4 6. Nxd4 O-O 7. Bd3 e5 8. Nc2
Bxc3+ 9. bxc3 e4 10. Be2 d5 11. O-O Nc6 12. Bb2 dxc4 13. Bxc4 Bg4 14. Be2 Bxe2
15. Qxe2 Qd3 16. Qxd3 exd3 17. Nd4 Ne5 18. Ba3 Rfc8 19. f3 Rxc3 20. Bb2 Rc5 21.
Nb3 Rd5 22. Bc3 Rad8 23. Bxe5 Rxe5 24. e4 a5 25. a4 Nh5 26. Ra2 Nf4 27. Rd2 f5
28. Nc1 fxe4 29. g3 Ne6 30. h4 Nc5 31. fxe4 Rxe4 32. Rf4 Rxf4 33. gxf4 Rd4 0-1

[Event "Let's Play Chess!"]
[Site "http://www.queenalice.com/game.php?id=289330"]
[Date "2007.10.19"]
[Round "-"]
[White "willys"]
[Black "Mikalus"]
[Result "1-0"]
[WhiteElo "1546"]
[BlackElo "1642"]

1. d4 d5 2. c4 e6 3. Nc3 c5 4. e3 cxd4 5. Qxd4 Nc6 6. Qd1 Nf6 7. Nf3 Bb4 8. Bd2
O-O 9. a3 Bd6 10. b4 b6 11. cxd5 Nxd5 12. Nxd5 exd5 13. b5 Ne5 14. Nxe5 Bxe5 15.
Rc1 Qd6 16. Bb4 Qd8 17. Bxf8 Qxf8 18. Qxd5 Qxa3 19. Qd2 Be6 20. Be2 Qa4 21. g3
Bh3 22. g4 Bxg4 23. Bxg4 Bf6 24. f3 Rd8 25. Bd7 h6 26. Qd3 Bh4+ 27. Kf1 Qb4 28.
Ke2 Bf6 29. Rc2 Qh4 30. Rc8 g6 31. Rxd8+ Bxd8 32. Qd5 Kg7 33. Qd4+ Bf6 34. Qxh4
Bxh4 35. Ra1 1-0

[Event "Let's Play Chess!6"]
[Site "http://www.queenalice.com/game.php?id=289331"]
[Date "2007.10.19"]
[Round "-"]
[White "spawnwolfwolverine"]
[Black "willys"]
[Result "0-1"]
[WhiteElo "1591"]
[BlackElo "1566"]

1. c4 c5 2. d3 b6 3. e4 e5 4. Nf3 d6 5. Be2 g6 6. O-O Be7 7. Nc3 Nf6 8. Bh6 Be6
9. Bg7 Rg8 10. Bxf6 Bxf6 11. Nd5 a6 12. Nxf6+ Qxf6 13. a3 Nc6 14. Qa4 Bd7 15. b4
Ke7 16. bxc5 Na5 17. Qc2 bxc5 18. a4 Rgb8 19. g3 Rb4 20. h4 Rab8 21. Ng5 Nb3 22.
Rab1 Nd4 23. Qa2 Rxb1 24. Rxb1 Nxe2+ 25. Kg2 Nc3 26. Qc2 Nxb1 27. Nxh7 Qh8 28.
Ng5 f6 29. Nf3 Qh5 30. a5 g5 31. Qa2 Bg4 32. Nh2 gxh4 33. Nxg4 Qxg4 34. Qa4 Rb2
35. Qd1 Qxg3+ 36. Kh1 Qxf2 37. Qg1 Qf3+ 38. Qg2 Qxg2# 0-1

[Event "Challenge"]
[Site "http://www.queenalice.com/game.php?id=297429"]
[Date "2007.11.3"]
[Round "-"]
[White "willys"]
[Black "hjalmart"]
[Result "0-1"]
[WhiteElo "1583"]
[BlackElo "1500"]

1. d4 d5 2. c4 Nf6 3. e3 Nc6 4. Bd2 Bf5 5. b4 e6 6. Bc3 Bxb4 7. Bxb4 Nxb4 8.
Qa4+ Nc6 9. Nf3 O-O 10. c5 a6 11. Nc3 h6 12. Ne5 Nxe5 13. dxe5 Nd7 14. Qd4 Qe7
15. g4 Bg6 16. Bg2 Qxc5 17. Rd1 Qxd4 18. Rxd4 Nxe5 19. h3 Nd3+ 20. Kf1 b5 21.
Kg1 c6 22. Kh2 e5 23. Nxd5 exd4 24. Ne7+ Kh7 25. Nxc6 Nxf2 0-1

[Event "Challenge"]
[Site "http://www.queenalice.com/game.php?id=297431"]
[Date "2007.11.3"]
[Round "-"]
[White "hjalmart"]
[Black "willys"]
[Result "1-0"]
[WhiteElo "1742"]
[BlackElo "1583"]

1. d4 Nf6 2. e3 g6 3. Nc3 Bg7 4. Nf3 O-O 5. Bc4 e6 6. O-O d5 7. Bd3 b6 8. h3 Re8
9. Re1 Ba6 10. Bxa6 Nxa6 11. a3 c6 12. Qe2 Ne4 13. Qxa6 Nxc3 14. bxc3 Qc7 15. e4
b5 16. a4 Qb6 17. Qxb6 axb6 18. Bb2 Rxa4 19. Rxa4 bxa4 20. Ba3 f6 21. exd5 e5
22. dxc6 e4 23. Nd2 f5 24. Bd6 Rc8 25. c7 Bf8 26. Be5 Ba3 27. Rb1 Kf7 28. Rxb6
Ke8 29. Rb8 Kd7 30. Rxc8 Bd6 31. Rd8+ 1-0

[Event "Challenge"]
[Site "http://www.queenalice.com/game.php?id=301514"]
[Date "2007.11.10"]
[Round "-"]
[White "willys"]
[Black "hjalmart"]
[Result "0-1"]
[WhiteElo "1589"]
[BlackElo "1816"]

1. d4 d5 2. c4 Nf6 3. Nc3 Nc6 4. Nf3 h6 5. a3 a6 6. b4 e6 7. e3 Be7 8. g3 O-O 9.
Bg2 dxc4 10. O-O Nd5 11. Bb2 Re8 12. Qc2 Nxc3 13. Qxc3 a5 14. b5 Nb8 15. Qxc4
Qd6 16. a4 Nd7 17. Rac1 Bd8 18. Qc3 Qb4 19. Qc2 Nb6 20. Ra1 Qc4 21. Qe4 Qd5 22.
Ne5 Qxe4 23. Bxe4 Bf6 24. Rfc1 Bxe5 25. dxe5 Re7 26. Bd4 Rd7 27. h4 Nd5 28. Kg2
b6 29. f4 Bb7 30. g4 Nxe3+ 31. Kf3 Bxe4+ 32. Kxe3 Bb7 33. Rc4 Bd5 34. Rc3 Rc8
35. Rac1 Bb7 36. R3c2 Rdd8 37. Rxc7 Rxc7 38. Rxc7 Bd5 39. Bxb6 Rb8 40. Bxa5 Ra8
41. b6 Rxa5 42. b7 Bxb7 43. Rxb7 Rxa4 44. g5 Ra3+ 45. Ke4 Rh3 0-1

[Event "Challenge"]
[Site "http://www.queenalice.com/game.php?id=314596"]
[Date "2007.12.4"]
[Round "-"]
[White "willys"]
[Black "SalsaQueen"]
[Result "0-1"]
[WhiteElo "1589"]
[BlackElo "1502"]

1. d4 d5 2. c3 Nf6 3. Nf3 Bg4 4. e3 a6 5. Be2 Nc6 6. O-O Qd6 7. Nbd2 O-O-O 8. b3
h6 9. a4 Ne4 10. Qc2 Nxd2 11. Qxd2 Bxf3 12. Bxf3 g5 13. b4 Bg7 14. b5 Na5 15.
Be2 Nb3 16. Qa2 Nxa1 17. Qxa1 a5 18. h3 h5 19. Ba3 Qd7 20. Qa2 g4 21. h4 e5 0-1